000 00717nam a2200205Ia 4500
999 _c40086
_d40086
001 6692
003 GE_BSU
005 20191224121927.0
008 181216s1972||||ge |||||||||||||| ||geo||
040 _cGE_BSU
041 _ageo
080 _a821.353.1-1 გ-44
100 _aგვარიშვილი, ნანა.
_95921
245 _aლექსები /
_cნანა გვარიშვილი ; რედ. მ. ვარშანიძე.
264 _aბათუმი :
_bსაბჭ.აჭარა,
_c1972.
300 _a158 გვ. ;
_c17 სმ.
653 _aლექსები
700 _aვარშანიძე, მ.
_eრედაქტორი
_94214
942 _cBK
_2udc